Technical graphics communication / (Record no. 4100)
[ view plain ]
| 000 -LEADER | |
|---|---|
| fixed length control field | 00886nac a22002411u 4500 |
| 010 ## - LIBRARY OF CONGRESS CONTROL NUMBER | |
| LC control number | 95001599 |
| 020 ## - INTERNATIONAL STANDARD BOOK NUMBER | |
| International Standard Book Number | 025611417X |
| 082 00 - DEWEY DECIMAL CLASSIFICATION NUMBER | |
| Classification number | 604.2 |
| Item number | B546 |
| 090 ## - LOCALLY ASSIGNED LC-TYPE CALL NUMBER (OCLC); LOCAL CALL NUMBER (OCLC) | |
| -- | 4100 |
| -- | 4100 |
| 100 ## - MAIN ENTRY--PERSONAL NAME | |
| Personal name | Bertoline, Gary R. |
| 245 10 - TITLE STATEMENT | |
| Title | Technical graphics communication / |
| Statement of responsibility, etc | Gary R. Bertoline ... [et al.]. |
| 260 ## - PUBLICATION, DISTRIBUTION, ETC. (IMPRINT) | |
| Place of publication, distribution, etc | Chicago : |
| Name of publisher, distributor, etc | Irwin, |
| Date of publication, distribution, etc | c1995. |
| 300 ## - PHYSICAL DESCRIPTION | |
| Extent | xxxi, 1181, 23, 86, 8 p. : |
| Other physical details | ill. (chiefly col.) ; |
| Dimensions | 26 cm. |
| 440 #4 - | |
| -- | The Irwin graphics series |
| 500 ## - GENERAL NOTE | |
| General note | "Decimal and millimeter equivalents"--Cover [p. 2] |
| 504 ## - BIBLIOGRAPHY, ETC. NOTE | |
| Bibliography, etc | Includes bibliographical references and index. |
| 650 #0 - SUBJECT ADDED ENTRY--TOPICAL TERM | |
| Topical term or geographic name as entry element | Engineering graphics. |
| 700 ## - ADDED ENTRY--PERSONAL NAME | |
| Personal name | Wiebe, Eric N. |
| 700 ## - ADDED ENTRY--PERSONAL NAME | |
| Personal name | miller, Craig L. |
| 700 ## - ADDED ENTRY--PERSONAL NAME | |
| Personal name | Nasman, Leonard O. |
| 942 ## - ADDED ENTRY ELEMENTS (KOHA) | |
| Item type | Book - Borrowing |
| Call number prefix | 604.2B546 |
| Withdrawn status | Item status | Damaged status | Not for loan | Home library | Current library | Shelving location | Date acquired | Source of acquisition | Total Checkouts | Full call number | Barcode | Date last seen | Date last borrowed | Koha item type |
|---|---|---|---|---|---|---|---|---|---|---|---|---|---|---|
| Central Library | Central Library | First floor | 21/08/2007 | Purchase | 1 | 604.2 BER | 000000129 | 15/07/2025 | 13/02/2013 | Book - Borrowing |